Návrh riešenia ergonomickej racionalizácie vo vybraných prevádzkach podniku Renozeta, s.r.o., Trenčín

Uložené v:
Podrobná bibliografia
Hlavný autor: Baginová, Lenka, 1990- (Autor)
Ďalší autori: Hatiar, Karol, 1949- (Vedúci práce)
Médium: Rukopis Kniha
Jazyk:Slovak
Vydavateľské údaje: 2015
Predmet:
On-line prístup:http://is.stuba.sk/zp/portal_zp.pl?podrobnosti=110739
Tagy: Pridať tag
Žiadne tagy, Buďte prvý, kto otaguje tento záznam!

MARC

LEADER 00000ntm a22000003a 4500
001 stuzp49969
003 SK-STU
005 20160719153428.5
007 ta
008 150427s2015----xo-----f-mn---000-0-slo-d
040 |a STU  |b slo 
041 0 |a slo 
100 1 |a Baginová, Lenka,  |d 1990-  |u 064000  |4 aut  |U MTF Materiálovotechnologická fakulta  |T MTF Ústav priemyselného inžinierstva a manažmentu  |X 6978  |U M4000  |Y 84  |7 A000006978 
242 0 1 |a Solution design ergonomic rationalization in selected operations Enterprise of the Renozeta, Ltd., Trenčín.  |y eng 
245 1 0 |a Návrh riešenia ergonomickej racionalizácie vo vybraných prevádzkach podniku Renozeta, s.r.o., Trenčín 
260 |c 2015 
650 4 |a ergonómia  |2 slo 
650 4 |a Nordic Questionnaire  |2 slo 
650 4 |a racionalizácia  |2 slo 
650 4 |a podnik  |2 slo 
650 4 |a pracovníci  |2 slo 
650 4 |a ergonomics  |2 eng 
650 4 |a rationalization  |2 eng 
650 4 |a Nordic Questionnaire  |2 eng 
650 4 |a enterprise  |2 eng 
650 4 |a workers  |2 eng 
700 1 |a Hatiar, Karol,  |d 1949-  |4 ths  |X 326  |7 A000000326 
856 4 |u http://is.stuba.sk/zp/portal_zp.pl?podrobnosti=110739 
996 |c M* DP-12140  |l MMSKP  |s P  |a 0  |w stuzp49969_0001 
SQL |a stuzp49969  |b DDP  |c SLO  |d Návrh riešenia ergonomickej racionalizácie vo vybraných prevádzkach podniku Renozeta, s.r.o., Trenčín  |e 6978  |f Baginová, Lenka  |g 064000  |h 326  |i Hatiar, Karol  |j 20150602  |k 189  |l 06  |m http://is.stuba.sk/zp/portal_zp.pl?podrobnosti=110739  |n I-PMA  |o 5.2.52. priemyselné inžinierstvo